D01_Bリーグのチーム名2024~25 - Statistics

General Stats
  • This quiz has been taken 146 times
  • The average score is 23 of 55
Answer Stats
Hint Answer % Correct
B1東地区 千葉ジェッツ
89%
B1東地区 宇都宮ブレックス
74%
B1中地区 アルバルク東京
74%
B1東地区 レバンガ北海道
71%
B1中地区 サンロッカーズ渋谷
68%
B1西地区 琉球ゴールデンキングス
63%
B1西地区 広島ドラゴンフライズ
61%
B1東地区 秋田ノーザンハピネッツ
60%
B1中地区 川崎ブレイブサンダース
60%
B1中地区 横浜ビー・コルセアーズ
60%
B1東地区 茨城ロボッツ
58%
B1中地区 三遠ネオフェニックス
58%
B1中地区 シーホース三河
58%
B1西地区 京都ハンナリーズ
58%
B1西地区 大阪エヴェッサ
56%
B1西地区 島根スサノオマジック
56%
B1西地区 滋賀レイクス
55%
B1東地区 群馬クレインサンダーズ
52%
B1中地区 名古屋ダイヤモンドドルフィンズ
52%
B2東地区 アルティーリ千葉
50%
B1東地区 仙台89ERS
50%
B1東地区 越谷アルファーズ
48%
B1西地区 長崎ヴェルカ
48%
B1西地区 佐賀バルーナーズ
47%
B2東地区 富山グラウジーズ
45%
B3 新潟アルビレックスBB
42%
B1中地区 ファイティングイーグルス名古屋
40%
B2東地区 青森ワッツ
37%
B2東地区 信州ブレイブウォリアーズ
37%
B2西地区 神戸ストークス
37%
B2東地区 山形ワイヴァンズ
34%
B2西地区 愛媛オレンジバイキングス
34%
B3 金沢武士団
34%
B2東地区 福島ファイヤーボンズ
32%
B2西地区 ベルテックス静岡
32%
B2西地区 ライジングゼファー福岡
32%
B2西地区 鹿児島レブナイズ
31%
B3 横浜エクセレンス
31%
B3 岩手ビッグブルズ
29%
B3 香川ファイブアローズ
29%
B2西地区 熊本ヴォルターズ
23%
B3 さいたまブロンコス
23%
B3 アースフレンズ東京Z
23%
B2西地区 バンビシャス奈良
21%
B3 徳島ガンバロウズ
21%
B3 東京ユナイテッドバスケットボールクラブ
19%
B3 しながわシティバスケットボールクラブ
19%
B3 立川ダイス
19%
B3 トライフープ岡山
19%
B2東地区 福井ブローウィンズ
18%
B3 岐阜スゥープス
18%
B3 山口パッツファイブ
15%
B3 東京八王子ビートレインズ
13%
B3 ヴィアティン三重
13%
B3 湘南ユナイテッドBC
10%
No matching quizzes found
Score Distribution
Percent of People with Each Score
Percentile by Number Answered
Your Score History
You have not taken this quiz